000
00191 a2200097 4500
001
3467
100
_a
D.A.E
245
_a
British way & purpose
260
_a
_b
D.A.E
_c
090
_c
2733
_d
2733
942
_a
NUST-CAE
_c
M
_c
19258
999
_c
238540
_d
238540